| 000 | 00552nam a2200169 a 4500 | ||
|---|---|---|---|
| 001 | 000040259 | ||
| 005 | 20201002034021.0 | ||
| 008 | 130820s1975 mx 000 0 spa d | ||
| 040 |
_aDO-SdBNP _bspa _cBNPHU |
||
| 100 | 1 |
_aCosío Villegas, Daniel _966534 |
|
| 245 | 1 | 3 |
_aEl sistema político méxicano : _bLas posibilidades de cambio / _cDaniel Cosío Villegas. |
| 250 | _a9a ed. | ||
| 260 |
_aMéxico : _bJoaquín Mortiz, _c1975. |
||
| 300 |
_a116 p. ; _c21 cm. |
||
| 490 | 1 | _aCuadernos de Joaquín Mortiz | |
| 830 | 0 |
_aCuadernos de Joaquín Mortiz _930761 |
|
| 999 |
_c39749 _d39749 |
||